Juegos de recreación
Guardat en:
| Autor principal: | |
|---|---|
| Format: | Llibre |
| Idioma: | espanyol |
| Publicat: |
Ruy Díaz.
1969.
|
| Edició: | 3ª ed. |
| Matèries: | |
| Etiquetes: |
Afegir etiqueta
Sense etiquetes, Sigues el primer a etiquetar aquest registre!
|
MARC
| LEADER | 00000nam a22000005a 4500 | ||
|---|---|---|---|
| 001 | 15705 | ||
| 003 | CL-ChBUA | ||
| 005 | 20120815103553.0 | ||
| 008 | 070301s1969 ag 000 0 spa | ||
| 040 | |a CL-ChBUA |c CL-ChBUA | ||
| 082 | 0 | 0 | |a 790 |
| 090 | |c 15705 |d 15705 | ||
| 100 | 1 | |a Medeiros, Ethel Bauzer. | |
| 245 | 1 | 0 | |a Juegos de recreación |
| 250 | |a 3ª ed. | ||
| 260 | |b Ruy Díaz. |c 1969. | ||
| 300 | |c 20 cm. | ||
| 650 | 4 | |a RECREACION - JUEGOS. | |
| 942 | |c LIB | ||
| 952 | |0 0 |1 0 |4 0 |7 0 |9 29077 |a UNACH |b UNACH |c 700 |d 2007-03-08 |i 14.819 |l 0 |o 790/ M 488 t.2 c.1 |p 30076 |r 2014-09-08 00:00:00 |u 29077 |w 2012-08-08 |y LIB |k 790/ M 488 t.2 c.1 | ||
| 952 | |0 0 |1 0 |4 0 |7 0 |9 29078 |a UNACH |b UNACH |c 700 |d 2007-03-08 |i 4.817 |l 0 |o 790/ M 488 t.2 c.2 |p 30077 |r 2012-12-27 00:00:00 |u 29078 |w 2012-08-08 |y LIB |k 790/ M 488 t.2 c.2 | ||
| 952 | |0 0 |1 0 |4 0 |7 0 |9 29079 |a UNACH |b UNACH |c 700 |d 2007-03-08 |i 14.820 |l 0 |o 790/ M 488 t.3 |p 30078 |r 2012-12-27 00:00:00 |u 29079 |w 2012-08-08 |y LIB |k 790/ M 488 t.3 | ||
| 952 | |0 0 |1 0 |4 0 |7 0 |9 29080 |a UNACH |b UNACH |c 700 |d 2007-03-08 |i 11.541 |l 0 |o 790/ M 488 t.5 c.1 |p 30079 |r 2022-11-03 00:00:00 |u 29080 |w 2012-08-08 |y LIB |k 790/ M 488 t.5 c.1 | ||
| 952 | |0 0 |1 0 |4 0 |7 0 |9 29081 |a UNACH |b UNACH |c 700 |d 2007-03-08 |i 11.542 |l 1 |o 790/ M 488 t.5 c.2 |p 30080 |r 2018-05-10 00:00:00 |s 2018-05-08 |u 29081 |w 2012-08-08 |y LIB |k 790/ M 488 t.5 c.2 | ||
| 952 | |0 0 |1 0 |4 0 |7 0 |9 30246 |a UNACH |b UNACH |c 700 |d 2007-05-23 |i 11.540 |l 0 |o 790/ M 488 T.1 c.1 |p 31300 |r 2014-08-27 00:00:00 |u 30246 |w 2012-08-08 |y LIB |k 790/ M 488 T.1 c.1 | ||
| 999 | |c 15705 |d 15705 | ||